| 000 | 02127pam a2200397 a 4500 | ||
|---|---|---|---|
| 001 | 3923296 | ||
| 003 | OSt | ||
| 005 | 20211105125003.0 | ||
| 008 | 920615s1993 enkab b 001 0 eng c | ||
| 010 | _a 92022840 | ||
| 020 |
_a0471927651 (cloth) : _c£39.50 |
||
| 040 |
_aDNLM/DLC _cDLC _dDLC |
||
| 050 | 0 | 0 | _aRC660.F45 |
| 060 | _aWK 840 F311f | ||
| 082 | 0 | 0 |
_a616.4/62071 _220 |
| 100 | 1 | _aFelber, Jean-Pierre. | |
| 245 | 1 | 0 |
_aFrom obesity to diabetes. / _cJean-Pierre Felber, Kevin J. Acheson, Luc Tappy. |
| 260 |
_aChichester, West Sussex, England ; _aNew York : _bWiley, _c1993. |
||
| 300 |
_aviii, 302 p. : _bill., map ; _c24 cm. |
||
| 504 | _aIncludes bibliographical references and index. | ||
| 505 | _aContents: Epidemiological aspects -- Methods for the study of human metabolism in viro -- Insulin secretion -- Insulin resistance -- Energy metabolism -- Endogenous glucose production in obesity and non-insulin-dependent diabetes mellitus -- Obesity and lipid metabolism -- Obesity and carbohydrate metabolism -- Obesity and diabetes -- Evolution from obesity to diabetes -- Protein metabolism --Associated cardiovascular morbidity -- Prevention and therapeutics (A) physiopathological considerations in relation to the evolution of obesity towards diabetes -- Prevention and therapeutics (B) epidemiological and public health considerations -- Time: duration of evolution, succession of events, and alterance of synthesis and mobilization of substrates and hormones -- | ||
| 650 | 0 |
_aNon-insulin-dependent diabetes _xRisk factors. |
|
| 650 | 0 |
_aObesity _xComplications. |
|
| 650 | 0 |
_aNon-insulin-dependent diabetes _xEtiology. |
|
| 650 | 2 |
_aDiabetes Mellitus, Non-Insulin Dependent _xetiology. |
|
| 650 | 2 |
_aDiabetes Mellitus, Non-Insulin Dependent _xphysiopathology. |
|
| 650 | 2 |
_aGlucose _xmetabolism. |
|
| 650 | 2 |
_aInsulin _xmetabolism. |
|
| 650 | 2 |
_aObesity _xcomplications. |
|
| 650 | 2 |
_aObesity _xphysiopathology. |
|
| 700 | 1 | _aAcheson, Kevin J. | |
| 700 | 1 | _aTappy, Luc. | |
| 906 |
_a7 _bcbc _corignew _d1 _eocip _f19 _gy-gencatlg |
||
| 942 |
_2lcc _cBK |
||
| 999 |
_c7925 _d15425 |
||